Lanean...

India - background papers

Xehetasun bibliografikoak
Erakunde egilea: IMF
Formatua: Aldizkaria
Hizkuntza:English
Argitaratua: Washington IMF
Gaiak:
LEADER 00462nam a2200169 a 4500
005 20151215125710.0
008 960221s1955 dcuabcdjdbkoqu001 0deng d
003 ViArRB
110 |a IMF  |9 791 
245 |a India - background papers 
300 |a iii, 73p. 
653 |a India  
942 |c BK  |6 _ 
260 |a Washington  |b IMF 
500 |a Sept 95 
999 |c 108531  |d 108531 
952 |0 0  |1 0  |2 ddc  |4 0  |6 _  |7 0  |9 136620  |a SMS  |b SMS  |c GEN  |d 2010-01-17  |p SMS019452  |r 2010-01-17  |w 2010-01-17  |y SER